[Event "13. Golden Prague Rapid Open"]
[Site "Praha"]
[Date "2017.07.01"]
[Round "1.1"]
[White "Ruzicka, Ondrej"]
[Black "Konopka, Michal"]
[Result "0-1"]
[WhiteElo "1890"]
[BlackElo "2415"]
[Annotator ""]
[Source ""]
[Remark ""]

1.e4 {[%clk 0:12:00]} Nf6 {[%clk 0:12:02]} 2.e5 {[%clk 0:11:54]}
Nd5 {[%clk 0:12:02]} 3.d4 {[%clk 0:11:51]} d6 {[%clk 0:12:03]}
4.c4 {[%clk 0:11:46]} Nb6 {[%clk 0:12:02]} 5.exd6 {[%clk 0:11:42]}
cxd6 {[%clk 0:12:03]} 6.Nf3 {[%clk 0:11:35]} g6 {[%clk 0:12:02]}
7.h3 {[%clk 0:11:26]} Bg7 {[%clk 0:12:02]} 8.Be3 {[%clk 0:10:48]}
O-O {[%clk 0:11:56]} 9.Be2 {[%clk 0:10:15]} Nc6 {[%clk 0:11:42]}
10.O-O {[%clk 0:09:56]} Bf5 {[%clk 0:11:22]} 11.Nc3 {[%clk 0:08:40]}
d5 {[%clk 0:11:22]} 12.cxd5 {[%clk 0:07:26]} Nxd5 {[%clk 0:11:01]}
13.Nxd5 {[%clk 0:06:16]} Qxd5 {[%clk 0:11:01]} 14.Qa4 {[%clk 0:05:50]}
a6 {[%clk 0:09:17]} 15.Qc4 {[%clk 0:04:29]} Qxc4 {[%clk 0:08:15]}
16.Bxc4 {[%clk 0:04:31]} Rac8 {[%clk 0:08:16]} 17.Rac1 {[%clk 0:04:07]}
Na5 {[%clk 0:07:09]} 18.Be2 {[%clk 0:03:36]} Be6 {[%clk 0:07:10]}
19.b3 {[%clk 0:03:29]} Rfd8 {[%clk 0:06:46]} 20.Rxc8 {[%clk 0:03:18]}
Rxc8 {[%clk 0:06:44]} 21.Rc1 {[%clk 0:03:19]} Rxc1+ {[%clk 0:06:43]}
22.Bxc1 {[%clk 0:03:21]} Bd5 {[%clk 0:06:44]} 23.Ne5 {[%clk 0:02:32]}
f6 {[%clk 0:06:03]} 24.Ng4 {[%clk 0:00:54]} Nc6 {[%clk 0:05:53]}
25.Be3 {[%clk 0:00:53]} f5 {[%clk 0:05:42]} 26.Ne5 {[%clk 0:00:23]}
Nxe5 {[%clk 0:05:32]} 27.dxe5 {[%clk 0:00:21]} Bxe5 {[%clk 0:05:33]}
28.Kf1 {[%clk 0:00:11]} Kf7 {[%clk 0:05:31]} 29.Ke1 {[%clk 0:00:13]}
Bc3+ {[%clk 0:05:20]} 30.Kf1 {[%clk 0:00:15]} e5 {[%clk 0:05:19]}
31.g3 {[%clk 0:00:13]} Ke6 {[%clk 0:05:08]} 32.h4 {[%clk 0:00:11]}
Bb4 {[%clk 0:04:39]} 33.Bd3 {[%clk 0:00:09]} Kd6 {[%clk 0:04:23]}
34.Ke2 {[%clk 0:00:11]} Bc5 {[%clk 0:04:06]} 35.Bh6 {[%clk 0:00:13]}
b5 {[%clk 0:03:36]} 36.f3 {[%clk 0:00:15]} e4 {[%clk 0:03:24]}
37.fxe4 {[%clk 0:00:16]} Bxe4 {[%clk 0:03:25]} 38.Bf4+ {[%clk 0:00:14]}
Kd5 {[%clk 0:03:25]} 39.Be3 {[%clk 0:00:09]} Bxd3+ {[%clk 0:03:24]}
40.Kxd3 {[%clk 0:00:11]} Bxe3 {[%clk 0:03:26]} 41.Kxe3 {[%clk 0:00:13]}
Ke5 {[%clk 0:03:23]} 42.Kf3 {[%clk 0:00:07]} h6 {[%clk 0:03:22]}
43.Ke3 {[%clk 0:00:08]} g5 {[%clk 0:03:23]} 44.hxg5 {[%clk 0:00:10]}
hxg5 {[%clk 0:03:25]} 45.Kf3 {[%clk 0:00:11]} b4 {[%clk 0:03:24]}
46.Ke3 {[%clk 0:00:12]} f4+ {[%clk 0:03:25]} 47.gxf4+ {[%clk 0:00:13]}
gxf4+ {[%clk 0:03:27]} 48.Kf3 {[%clk 0:00:15]} Kf5 {[%clk 0:03:29]}
49.Kf2 {[%clk 0:00:15]} Ke4 {[%clk 0:03:30]} 50.Ke2 {[%clk 0:00:17]}
f3+ {[%clk 0:03:29]} 51.Kf2 {[%clk 0:00:19]} Kf4 {[%clk 0:03:20]}
52.Kf1 {[%clk 0:00:20]} Ke3 {[%clk 0:03:21]} 53.Ke1 {[%clk 0:00:22]}
f2+ {[%clk 0:03:16]} 54.Kf1 {[%clk 0:00:25]} Kf3 {[%clk 0:03:18]} 0-1

[Event "13. Golden Prague Rapid Open"]
[Site "Praha"]
[Date "2017.07.01"]
[Round "1.2"]
[White "Plischki, Sebastian"]
[Black "Vladyka, Vaclav"]
[Result "1-0"]
[WhiteElo "2415"]
[BlackElo "1889"]
[Annotator ""]
[Source ""]
[Remark ""]

1.e4 {[%clk 0:12:03]} c5 {[%clk 0:12:04]} 2.Nf3 {[%clk 0:12:02]}
d6 {[%clk 0:12:06]} 3.Bb5+ {[%clk 0:12:00]} Bd7 {[%clk 0:12:07]}
4.Bxd7+ {[%clk 0:12:00]} Nxd7 {[%clk 0:12:02]} 5.O-O {[%clk 0:11:58]}
Ngf6 {[%clk 0:11:57]} 6.Qe2 {[%clk 0:11:55]} g6 {[%clk 0:11:47]}
7.c3 {[%clk 0:11:51]} Bg7 {[%clk 0:11:48]} 8.d4 {[%clk 0:11:52]}
cxd4 {[%clk 0:11:48]} 9.cxd4 {[%clk 0:11:53]} O-O {[%clk 0:11:45]}
10.Nc3 {[%clk 0:11:54]} a6 {[%clk 0:11:37]} 11.h3 {[%clk 0:11:49]}
Rc8 {[%clk 0:11:26]} 12.e5 {[%clk 0:11:46]} dxe5 {[%clk 0:11:18]}
13.dxe5 {[%clk 0:11:47]} Ne8 {[%clk 0:11:07]} 14.e6 {[%clk 0:11:35]}
Ndf6 {[%clk 0:09:53]} 15.Ng5 {[%clk 0:11:32]} Nd6 {[%clk 0:09:28]}
16.exf7+ {[%clk 0:11:28]} Kh8 {[%clk 0:09:07]} 17.Ne6 {[%clk 0:11:26]}
Qd7 {[%clk 0:08:44]} 18.Nxf8 {[%clk 0:11:26]} Rxf8 {[%clk 0:08:45]}
19.Bf4 {[%clk 0:11:23]} Rxf7 {[%clk 0:08:27]} 20.Rad1 {[%clk 0:11:15]}
Qc6 {[%clk 0:06:51]} 21.Bxd6 {[%clk 0:11:06]} exd6 {[%clk 0:06:51]}
22.Qe6 {[%clk 0:10:56]} Rd7 {[%clk 0:05:58]} 23.Nd5 {[%clk 0:10:39]}
Ng8 {[%clk 0:05:26]} 24.Rc1 {[%clk 0:10:32]} Qb5 {[%clk 0:04:51]}
25.Rc8 {[%clk 0:10:26]} 1-0

[Event "13. Golden Prague Rapid Open"]
[Site "Praha"]
[Date "2017.07.01"]
[Round "1.3"]
[White "Zamorsky, Ladislav"]
[Black "Kiss, Pal"]
[Result "0-1"]
[WhiteElo "1889"]
[BlackElo "2339"]
[Annotator ""]
[Source ""]
[Remark ""]

1.d4 {[%clk 0:12:04]} d5 {[%clk 0:12:04]} 2.c4 {[%clk 0:12:05]}
c6 {[%clk 0:12:06]} 3.Nf3 {[%clk 0:12:06]} Nf6 {[%clk 0:12:07]}
4.Nc3 {[%clk 0:12:05]} dxc4 {[%clk 0:12:09]} 5.a4 {[%clk 0:11:41]}
Bf5 {[%clk 0:12:10]} 6.e3 {[%clk 0:11:26]} e6 {[%clk 0:12:11]}
7.Bxc4 {[%clk 0:11:25]} Bb4 {[%clk 0:12:12]} 8.O-O {[%clk 0:11:19]}
O-O {[%clk 0:12:11]} 9.Na2 {[%clk 0:09:03]} Bd6 {[%clk 0:12:02]}
10.Bd2 {[%clk 0:08:39]} Nbd7 {[%clk 0:10:27]} 11.Bb4 {[%clk 0:07:55]}
Bxb4 {[%clk 0:09:39]} 12.Nxb4 {[%clk 0:07:52]} c5 {[%clk 0:09:24]}
13.dxc5 {[%clk 0:07:27]} Nxc5 {[%clk 0:09:25]} 14.a5 {[%clk 0:05:24]}
a6 {[%clk 0:07:28]} 15.Qxd8 {[%clk 0:05:00]} Rfxd8 {[%clk 0:07:26]}
16.Rfd1 {[%clk 0:05:00]} Kf8 {[%clk 0:05:52]} 17.Rd4 {[%clk 0:04:48]}
Rxd4 {[%clk 0:05:35]} 18.Nxd4 {[%clk 0:04:19]} Bg6 {[%clk 0:05:04]}
19.Nb3 {[%clk 0:03:17]} Rc8 {[%clk 0:04:31]} 20.Rd1 {[%clk 0:03:03]}
Ke7 {[%clk 0:04:25]} 21.f3 {[%clk 0:02:56]} Na4 {[%clk 0:04:02]}
22.Rd4 {[%clk 0:01:39]} e5 {[%clk 0:03:30]} 23.Rh4 {[%clk 0:00:55]}
e4 {[%clk 0:03:06]} 24.Nd5+ {[%clk 0:00:47]} Kd6 {[%clk 0:02:38]}
25.Nxf6 {[%clk 0:00:28]} gxf6 {[%clk 0:02:21]} 26.Be2 {[%clk 0:00:25]}
Nxb2 {[%clk 0:01:37]} 27.fxe4 {[%clk 0:00:18]} Rc3 {[%clk 0:01:31]}
28.Nd4 {[%clk 0:00:07]} Rxe3 {[%clk 0:01:23]} 29.Bf3 {[%clk 0:00:10]}
Nd3 {[%clk 0:01:13]} 30.Nf5+ {[%clk 0:00:09]} Bxf5 {[%clk 0:01:15]}
31.exf5 {[%clk 0:00:11]} Re1# {[%clk 0:01:16]} 0-1

[Event "13. Golden Prague Rapid Open"]
[Site "Praha"]
[Date "2017.07.01"]
[Round "1.4"]
[White "Frolov, Artur"]
[Black "Bily, Michal"]
[Result "1-0"]
[WhiteElo "2332"]
[BlackElo "1883"]
[Annotator ""]
[Source ""]
[Remark ""]

1.e4 {[%clk 0:12:05]} d5 {[%clk 0:12:04]} 2.exd5 {[%clk 0:12:04]}
Qxd5 3.Nc3 Qd6 {[%clk 0:12:08]} 4.d4 {[%clk 0:12:03]} Nf6 {[%clk 0:11:50]}
5.Bg5 {[%clk 0:11:46]} a6 {[%clk 0:11:43]} 6.Qd2 {[%clk 0:11:33]}
Bf5 {[%clk 0:11:22]} 7.Nf3 {[%clk 0:11:26]} Ne4 {[%clk 0:10:31]}
8.Nxe4 {[%clk 0:11:27]} Bxe4 {[%clk 0:10:33]} 9.Be2 {[%clk 0:10:47]}
Qc6 {[%clk 0:09:27]} 10.O-O-O {[%clk 0:07:34]} e6 {[%clk 0:08:41]}
11.Bd3 {[%clk 0:06:50]} Bxf3 {[%clk 0:06:41]} 12.gxf3 {[%clk 0:06:52]}
Qxf3 {[%clk 0:06:38]} 13.Rhe1 {[%clk 0:06:45]} c6 {[%clk 0:06:29]}
14.Be4 {[%clk 0:06:35]} Qh5 {[%clk 0:06:27]} 15.d5 {[%clk 0:06:26]}
h6 {[%clk 0:06:28]} 16.Bf4 {[%clk 0:05:04]} cxd5 {[%clk 0:05:32]}
17.Bxd5 {[%clk 0:05:04]} Be7 {[%clk 0:05:32]} 18.Bxb7 {[%clk 0:03:53]}
Ra7 {[%clk 0:05:30]} 19.Be4 {[%clk 0:02:59]} Qb5 {[%clk 0:05:29]}
20.Qc3 {[%clk 0:02:26]} Bf6 {[%clk 0:05:17]} 21.Qc8+ {[%clk 0:02:23]}
Be7 22.Qc3 O-O 23.Rg1 Bg5 24.Bxg5 hxg5 25.f4 Qa4 1-0

[Event "13. Golden Prague Rapid Open"]
[Site "Praha"]
[Date "2017.07.01"]
[Round "1.5"]
[White "Zvacek, Antonin"]
[Black "Balacek, Tadeas"]
[Result "0-1"]
[WhiteElo "1881"]
[BlackElo "2308"]
[Annotator ""]
[Source ""]
[Remark ""]

1.e4 {[%clk 0:12:04]} e6 {[%clk 0:12:05]} 2.d4 {[%clk 0:12:04]}
d5 {[%clk 0:12:08]} 3.Nc3 {[%clk 0:12:05]} Nc6 {[%clk 0:12:07]}
4.e5 {[%clk 0:11:33]} Nge7 {[%clk 0:12:07]} 5.Bg5 {[%clk 0:10:52]}
h6 {[%clk 0:12:05]} 6.Bh4 {[%clk 0:10:36]} g5 {[%clk 0:12:06]}
7.Bg3 {[%clk 0:10:25]} Nf5 {[%clk 0:12:07]} 8.Bb5 {[%clk 0:08:28]}
Bd7 {[%clk 0:11:58]} 9.Nge2 {[%clk 0:06:52]} Qe7 {[%clk 0:11:37]}
10.Qd2 {[%clk 0:05:50]} h5 {[%clk 0:11:37]} 11.f3 {[%clk 0:05:43]}
Bh6 {[%clk 0:11:37]} 12.Bf2 {[%clk 0:05:12]} g4 {[%clk 0:11:04]}
13.f4 {[%clk 0:05:00]} O-O-O 14.Bxc6 {[%clk 0:04:13]} Bxc6 {[%clk 0:11:03]}
15.O-O-O {[%clk 0:04:03]} f6 16.exf6 {[%clk 0:03:30]} Qxf6 {[%clk 0:11:04]}
17.Kb1 {[%clk 0:03:13]} Be8 {[%clk 0:11:03]} 18.Qd3 a6 {[%clk 0:10:47]}
19.g3 {[%clk 0:02:39]} Bg6 {[%clk 0:10:48]} 20.Qd2 {[%clk 0:02:15]}
Nd6 {[%clk 0:10:46]} 21.b3 {[%clk 0:02:00]} Bg7 {[%clk 0:10:27]}
22.Na4 {[%clk 0:01:46]} Ne4 {[%clk 0:09:13]} 23.Qe3 {[%clk 0:01:48]}
h4 {[%clk 0:08:58]} 24.Nec3 {[%clk 0:01:13]} hxg3 {[%clk 0:08:27]}
25.hxg3 {[%clk 0:00:33]} Rxh1 {[%clk 0:08:28]} 26.Rxh1 {[%clk 0:00:32]}
Nxf2 {[%clk 0:08:29]} 27.Qxf2 {[%clk 0:00:33]} Qxd4 {[%clk 0:08:30]}
28.Qxd4 {[%clk 0:00:28]} Bxd4 {[%clk 0:08:31]} 29.Ne2 {[%clk 0:00:29]}
Bg7 {[%clk 0:08:26]} 30.Kc1 {[%clk 0:00:22]} b6 {[%clk 0:08:12]}
31.c3 {[%clk 0:00:15]} Kb7 {[%clk 0:08:10]} 32.Nd4 {[%clk 0:00:13]}
Rd6 {[%clk 0:07:54]} 33.Rh4 {[%clk 0:00:13]} Bf5 {[%clk 0:07:38]}
34.Nxf5 {[%clk 0:00:13]} exf5 {[%clk 0:07:39]} 35.Rh5 {[%clk 0:00:13]}
Rf6 {[%clk 0:07:22]} 36.Rh7 {[%clk 0:00:13]} Bf8 {[%clk 0:07:19]}
37.Kd2 {[%clk 0:00:13]} b5 {[%clk 0:07:16]} 38.Nb2 {[%clk 0:00:16]}
Bc5 {[%clk 0:07:17]} 39.Nd3 {[%clk 0:00:16]} Bd6 {[%clk 0:07:08]}
40.Rh2 {[%clk 0:00:09]} c5 {[%clk 0:07:01]} 41.Ne5 {[%clk 0:00:09]}
Bxe5 {[%clk 0:06:48]} 42.fxe5 {[%clk 0:00:12]} Re6 {[%clk 0:06:49]}
43.Ke3 {[%clk 0:00:12]} Rxe5+ {[%clk 0:06:06]} 44.Kf4 {[%clk 0:00:14]}
Re4+ {[%clk 0:06:02]} 45.Kxf5 {[%clk 0:00:16]} Re3 {[%clk 0:05:50]}
46.Kxg4 {[%clk 0:00:17]} Rxc3 {[%clk 0:05:51]} 47.Rd2 {[%clk 0:00:13]}
Kc6 {[%clk 0:05:45]} 48.Kf4 {[%clk 0:00:15]} Rc1 {[%clk 0:05:29]}
49.g4 {[%clk 0:00:16]} Rg1 {[%clk 0:05:29]} 50.Kf5 {[%clk 0:00:16]}
d4 {[%clk 0:05:25]} 51.g5 {[%clk 0:00:17]} Kd5 {[%clk 0:05:26]}
52.Kf6 {[%clk 0:00:10]} c4 {[%clk 0:05:27]} 53.g6 {[%clk 0:00:10]}
c3 {[%clk 0:05:20]} 54.Rc2 {[%clk 0:00:10]} b4 {[%clk 0:05:20]}
55.Rh2 {[%clk 0:00:09]} d3 {[%clk 0:05:13]} 56.g7 {[%clk 0:00:11]}
c2 {[%clk 0:05:06]} 57.Rh5+ {[%clk 0:00:14]} Kd6 {[%clk 0:05:07]}
58.Rg5 {[%clk 0:00:16]} Rxg5 {[%clk 0:05:08]} 59.Kxg5 {[%clk 0:00:18]}
c1Q+ {[%clk 0:05:08]} 0-1

[Event "13. Golden Prague Rapid Open"]
[Site "Praha"]
[Date "2017.07.01"]
[Round "1.6"]
[White "Fedorov, Evgueny"]
[Black "Pribylova, Sofie"]
[Result "0-1"]
[WhiteElo "2251"]
[BlackElo "1880"]
[Annotator ""]
[Source ""]
[Remark ""]

1.e4 {[%clk 0:12:03]} c5 {[%clk 0:12:05]} 2.Nf3 {[%clk 0:12:05]}
d6 {[%clk 0:12:07]} 3.d4 {[%clk 0:12:06]} cxd4 {[%clk 0:12:09]}
4.Nxd4 {[%clk 0:12:08]} Nf6 {[%clk 0:12:10]} 5.Nc3 {[%clk 0:12:08]}
a6 {[%clk 0:12:12]} 6.Be3 {[%clk 0:12:08]} e5 {[%clk 0:12:12]}
7.Nb3 {[%clk 0:12:09]} Be6 {[%clk 0:12:12]} 8.f3 {[%clk 0:12:10]}
Be7 {[%clk 0:11:42]} 9.Qd2 {[%clk 0:11:47]} Nbd7 {[%clk 0:11:42]}
10.g4 {[%clk 0:11:48]} Rc8 {[%clk 0:11:36]} 11.O-O-O {[%clk 0:11:33]}
b5 {[%clk 0:11:35]} 12.Kb1 {[%clk 0:11:08]} Qc7 {[%clk 0:10:29]}
13.h4 {[%clk 0:07:57]} Nb6 {[%clk 0:10:03]} 14.g5 {[%clk 0:05:33]}
Nh5 {[%clk 0:09:44]} 15.Qf2 {[%clk 0:04:19]} Nc4 {[%clk 0:09:23]}
16.Bxc4 {[%clk 0:04:19]} bxc4 {[%clk 0:09:18]} 17.Bb6 {[%clk 0:04:19]}
Qd7 {[%clk 0:07:48]} 18.Nc5 {[%clk 0:03:22]} Qc6 {[%clk 0:07:11]}
19.Nxa6 {[%clk 0:03:22]} O-O {[%clk 0:06:47]} 20.Nb4 {[%clk 0:03:23]}
Qb7 {[%clk 0:06:38]} 21.Nbd5 {[%clk 0:02:50]} Rb8 {[%clk 0:06:18]}
22.b3 {[%clk 0:02:01]} Rfc8 {[%clk 0:05:55]} 23.Rc1 {[%clk 0:01:47]}
Bxd5 {[%clk 0:05:37]} 24.Nxd5 {[%clk 0:01:48]} Bf8 {[%clk 0:05:14]}
25.Rhd1 {[%clk 0:01:37]} Qa6 {[%clk 0:04:59]} 26.b4 {[%clk 0:00:14]}
c3 {[%clk 0:04:40]} 27.Ka1 {[%clk 0:00:00]} 0-1

[Event "13. Golden Prague Rapid Open"]
[Site "Praha"]
[Date "2017.07.01"]
[Round "1.7"]
[White "Lexa, Vaclav"]
[Black "Chudinovskikh, Alexander M"]
[Result "0-1"]
[WhiteElo "1855"]
[BlackElo "2250"]
[Annotator ""]
[Source ""]
[Remark ""]

1.d4 {[%clk 0:11:59]} Nf6 {[%clk 0:12:01]} 2.c4 {[%clk 0:11:57]}
e6 {[%clk 0:11:58]} 3.Nc3 {[%clk 0:11:55]} Bb4 {[%clk 0:11:55]}
4.e3 {[%clk 0:11:49]} O-O {[%clk 0:11:47]} 5.Bd3 {[%clk 0:11:45]}
c5 {[%clk 0:11:38]} 6.Nge2 {[%clk 0:11:40]} d5 {[%clk 0:11:35]}
7.O-O {[%clk 0:11:00]} dxc4 {[%clk 0:11:29]} 8.Bxc4 {[%clk 0:10:55]}
cxd4 {[%clk 0:11:22]} 9.exd4 {[%clk 0:10:38]} Nc6 {[%clk 0:11:16]}
10.Bf4 {[%clk 0:09:49]} b6 {[%clk 0:10:57]} 11.Qa4 {[%clk 0:08:20]}
Bb7 {[%clk 0:10:50]} 12.Rad1 {[%clk 0:08:17]} Rc8 {[%clk 0:09:33]}
13.d5 {[%clk 0:07:36]} exd5 {[%clk 0:09:31]} 14.Nxd5 {[%clk 0:07:34]}
Nxd5 {[%clk 0:09:24]} 15.Bxd5 {[%clk 0:07:22]} Qf6 {[%clk 0:09:03]}
16.Bxc6 {[%clk 0:06:57]} Qxc6 {[%clk 0:09:00]} 17.Qxc6 {[%clk 0:06:26]}
Bxc6 {[%clk 0:08:58]} 18.Nd4 {[%clk 0:05:53]} Ba4 {[%clk 0:07:56]}
19.Rc1 {[%clk 0:04:43]} h6 {[%clk 0:07:29]} 20.a3 {[%clk 0:04:01]}
Bc5 {[%clk 0:07:21]} 21.Nf5 {[%clk 0:03:45]} Rfd8 {[%clk 0:06:31]}
22.Be5 {[%clk 0:03:06]} f6 {[%clk 0:05:58]} 23.Bc3 {[%clk 0:03:01]}
Kf7 {[%clk 0:05:45]} 24.Rfe1 {[%clk 0:02:46]} Bb3 {[%clk 0:05:30]}
25.h3 {[%clk 0:02:44]} h5 {[%clk 0:05:18]} 26.Ng3 {[%clk 0:02:38]}
g6 {[%clk 0:04:56]} 27.Ne4 {[%clk 0:02:31]} Be7 {[%clk 0:04:49]}
28.Re3 {[%clk 0:02:09]} Bd5 {[%clk 0:04:12]} 29.Ng3 {[%clk 0:01:36]}
Bc5 {[%clk 0:03:52]} 30.Rd3 {[%clk 0:01:13]} h4 {[%clk 0:03:40]}
31.Nf1 {[%clk 0:01:08]} Bb3 {[%clk 0:03:18]} 32.Rf3 {[%clk 0:01:02]}
f5 {[%clk 0:03:06]} 33.Nd2 {[%clk 0:00:51]} Bd5 {[%clk 0:02:47]}
34.Rd3 {[%clk 0:00:50]} Be7 {[%clk 0:02:30]} 35.Rd1 {[%clk 0:00:48]}
Bb7 {[%clk 0:01:51]} 36.Nb3 {[%clk 0:00:47]} Rxd3 {[%clk 0:01:35]}
37.Rxd3 {[%clk 0:00:46]} Rc7 {[%clk 0:01:31]} 38.Kf1 {[%clk 0:00:37]}
Ba6 {[%clk 0:01:30]} 0-1

[Event "13. Golden Prague Rapid Open"]
[Site "Praha"]
[Date "2017.07.01"]
[Round "1.8"]
[White "Netusil, Miloslav"]
[Black "Kalvach, Ladislav"]
[Result "1-0"]
[WhiteElo "2249"]
[BlackElo "1852"]
[Annotator ""]
[Source ""]
[Remark ""]

1.d4 Nf6 2.c4 e6 3.Nc3 Bb4 4.e3 c5 5.Bd3 O-O 6.Nf3 b6 7.d5 d6
8.O-O Bxc3 9.bxc3 e5 10.Nd2 Nbd7 11.f4 Re8 12.h3 Qe7 13.Kh1 exf4
14.exf4 Qe3 15.Ne4 Nxe4 16.Bxe3 Ng3+ 17.Kg1 Nxf1 18.Bf2 Ne3 19.Qd2
Nf6 20.Bxe3 Bd7 21.Bf2 Re7 22.Re1 Rae8 23.Rxe7 Rxe7 24.Bh4 Ne4
25.Qc2 g5 26.Bxe4 gxh4 27.Bf5 Bxf5 28.Qxf5 Re1+ 29.Kh2 Re2 30.Qg4+ 1-0

[Event "13. Golden Prague Rapid Open"]
[Site "Praha"]
[Date "2017.07.01"]
[Round "1.9"]
[White "Fiala, Jan"]
[Black "Pribyl, Josef"]
[Result "0-1"]
[WhiteElo "1833"]
[BlackElo "2240"]
[Annotator ""]
[Source ""]
[Remark ""]

1.d4 {[%clk 0:12:04]} Nf6 {[%clk 0:12:04]} 2.Nf3 {[%clk 0:12:04]}
g6 {[%clk 0:12:03]} 3.Bg5 {[%clk 0:12:01]} Ne4 {[%clk 0:11:59]}
4.Bh4 {[%clk 0:12:00]} c5 {[%clk 0:12:00]} 5.e3 {[%clk 0:11:58]}
Qb6 {[%clk 0:12:00]} 6.Qc1 {[%clk 0:11:53]} Bg7 {[%clk 0:11:58]}
7.c3 {[%clk 0:11:53]} Nc6 {[%clk 0:11:52]} 8.Nbd2 {[%clk 0:11:54]}
d5 {[%clk 0:11:50]} 9.h3 {[%clk 0:11:48]} O-O {[%clk 0:11:44]}
10.Nxe4 {[%clk 0:11:38]} dxe4 {[%clk 0:11:45]} 11.Nd2 {[%clk 0:11:37]}
f5 {[%clk 0:11:46]} 12.Nc4 {[%clk 0:11:26]} Qd8 {[%clk 0:11:44]}
13.Be2 {[%clk 0:11:13]} cxd4 {[%clk 0:11:41]} 14.exd4 {[%clk 0:11:11]}
f4 {[%clk 0:11:24]} 15.Nd2 {[%clk 0:10:43]} Bf5 {[%clk 0:11:12]}
16.Bg4 {[%clk 0:10:37]} Qd5 {[%clk 0:10:59]} 17.O-O {[%clk 0:10:17]}
Bxg4 {[%clk 0:10:53]} 18.hxg4 {[%clk 0:10:16]} g5 {[%clk 0:10:43]}
19.Bxg5 {[%clk 0:09:46]} Qxg5 20.Nxe4 {[%clk 0:09:44]} Qxg4 {[%clk 0:10:42]}
21.f3 {[%clk 0:09:39]} Qf5 {[%clk 0:10:41]} 22.Qc2 {[%clk 0:09:26]}
Rac8 {[%clk 0:10:36]} 23.Qb3+ {[%clk 0:09:23]} Kh8 {[%clk 0:10:17]}
24.Nc5 {[%clk 0:09:09]} Nxd4 {[%clk 0:10:08]} 25.Ne4 {[%clk 0:08:39]}
Nxb3 0-1

[Event "13. Golden Prague Rapid Open"]
[Site "Praha"]
[Date "2017.07.01"]
[Round "1.10"]
[White "Pribyl, Martin"]
[Black "Rahul, Srivasthav Peddi"]
[Result "0-1"]
[WhiteElo "2229"]
[BlackElo "1822"]
[Annotator ""]
[Source ""]
[Remark ""]

1.d4 {[%clk 0:12:04]} Nf6 {[%clk 0:12:01]} 2.Bf4 {[%clk 0:12:06]}
d5 {[%clk 0:11:32]} 3.e3 {[%clk 0:12:07]} c5 {[%clk 0:11:34]}
4.c3 {[%clk 0:11:55]} Nc6 {[%clk 0:11:35]} 5.Nd2 {[%clk 0:11:53]}
e6 {[%clk 0:11:33]} 6.Ngf3 {[%clk 0:11:36]} Bd6 {[%clk 0:11:33]}
7.Bg3 {[%clk 0:11:27]} O-O {[%clk 0:11:26]} 8.Bd3 {[%clk 0:11:26]}
b6 {[%clk 0:11:23]} 9.Ne5 {[%clk 0:11:26]} Ne7 {[%clk 0:11:22]}
10.Bh4 Nf5 11.Bxf6 {[%clk 0:06:13]} Qxf6 {[%clk 0:10:31]} 12.e4
{[%clk 0:06:11]} cxd4 {[%clk 0:09:52]} 13.Ng4 {[%clk 0:05:34]}
Qe7 {[%clk 0:09:53]} 14.cxd4 {[%clk 0:03:54]} Nxd4 {[%clk 0:09:15]}
15.e5 {[%clk 0:03:55]} Bc5 {[%clk 0:09:07]} 16.Bxh7+ {[%clk 0:03:29]}
Kh8 {[%clk 0:07:45]} 17.Bd3 {[%clk 0:03:23]} f5 {[%clk 0:07:46]}
18.exf6 {[%clk 0:03:18]} gxf6 {[%clk 0:07:46]} 19.O-O {[%clk 0:03:00]}
Qg7 {[%clk 0:06:38]} 20.Ne3 {[%clk 0:02:47]} f5 {[%clk 0:06:08]}
21.Qh5+ {[%clk 0:02:46]} Kg8 {[%clk 0:06:10]} 22.Nf3 {[%clk 0:02:33]}
Bd7 {[%clk 0:05:49]} 23.Nxd4 {[%clk 0:02:23]} Bxd4 {[%clk 0:05:49]}
24.Rac1 {[%clk 0:02:16]} Rac8 {[%clk 0:05:42]} 25.b3 {[%clk 0:02:15]}
Qh7 {[%clk 0:05:09]} 26.Qxh7+ {[%clk 0:02:06]} Kxh7 {[%clk 0:05:11]}
27.Ba6 {[%clk 0:02:08]} Rxc1 {[%clk 0:05:05]} 28.Rxc1 {[%clk 0:02:10]}
Be5 {[%clk 0:05:00]} 29.g3 {[%clk 0:02:04]} f4 {[%clk 0:05:00]}
30.Nf1 {[%clk 0:01:48]} Kg7 {[%clk 0:04:56]} 31.Nd2 {[%clk 0:01:43]}
fxg3 {[%clk 0:04:45]} 32.hxg3 {[%clk 0:01:45]} Bd4 {[%clk 0:04:47]}
33.Rf1 {[%clk 0:01:40]} e5 {[%clk 0:04:46]} 34.Kg2 {[%clk 0:01:39]}
e4 {[%clk 0:04:40]} 35.Bb7 {[%clk 0:01:03]} Be6 {[%clk 0:04:32]}
36.a3 Rh8 {[%clk 0:04:33]} 37.Rd1 {[%clk 0:00:24]} Bh3+ {[%clk 0:04:33]}
38.Kg1 {[%clk 0:00:23]} e3 {[%clk 0:04:32]} 39.fxe3 {[%clk 0:00:04]}
Bxe3+ {[%clk 0:04:32]} 40.Kh2 {[%clk 0:00:05]} Bf1# {[%clk 0:04:33]} 0-1

[Event "13. Golden Prague Rapid Open"]
[Site "Praha"]
[Date "2017.07.01"]
[Round "1.11"]
[White "Skaloud, Dusan"]
[Black "Rydl, Jiri"]
[Result "0-1"]
[WhiteElo "1808"]
[BlackElo "2196"]
[Annotator ""]
[Source ""]
[Remark ""]

1.Nh3 {[%clk 0:12:01]} e5 {[%clk 0:11:57]} 2.f3 {[%clk 0:12:01]}
d5 {[%clk 0:11:58]} 3.Nf2 {[%clk 0:12:04]} Nf6 {[%clk 0:11:58]}
4.c3 {[%clk 0:12:04]} Bd6 {[%clk 0:11:47]} 5.Na3 {[%clk 0:12:06]}
O-O {[%clk 0:11:44]} 6.Nc2 {[%clk 0:12:08]} Re8 {[%clk 0:11:40]}
7.e4 {[%clk 0:12:06]} c5 {[%clk 0:11:28]} 8.a3 {[%clk 0:11:49]}
Nc6 {[%clk 0:11:26]} 9.b4 {[%clk 0:11:49]} d4 {[%clk 0:10:54]}
10.Ne3 {[%clk 0:11:41]} dxe3 {[%clk 0:10:34]} 11.dxe3 {[%clk 0:11:30]}
cxb4 {[%clk 0:10:28]} 12.cxb4 {[%clk 0:11:29]} Be6 {[%clk 0:10:12]}
13.Bd3 {[%clk 0:11:20]} Qb6 {[%clk 0:10:04]} 14.Qe2 {[%clk 0:11:12]}
Bf8 {[%clk 0:09:48]} 15.O-O {[%clk 0:11:04]} Rad8 {[%clk 0:09:15]}
16.Bb2 {[%clk 0:11:05]} Bd7 {[%clk 0:09:06]} 17.g3 {[%clk 0:10:37]}
a5 {[%clk 0:09:05]} 18.b5 {[%clk 0:10:39]} Na7 {[%clk 0:09:01]}
19.a4 {[%clk 0:10:40]} Bc5 {[%clk 0:08:30]} 20.Rae1 {[%clk 0:10:31]}
Bb4 {[%clk 0:08:31]} 21.Rd1 {[%clk 0:10:30]} Be6 {[%clk 0:08:10]}
22.Kg2 {[%clk 0:10:02]} Bb3 {[%clk 0:08:03]} 23.Rb1 {[%clk 0:10:04]}
Bxa4 {[%clk 0:08:01]} 24.f4 {[%clk 0:09:59]} Bxb5 {[%clk 0:07:47]}
25.fxe5 {[%clk 0:09:55]} Bxd3 {[%clk 0:07:35]} 26.Nxd3 {[%clk 0:09:57]}
Nxe4 {[%clk 0:07:21]} 27.Qf3 {[%clk 0:07:56]} Ng5 {[%clk 0:07:01]}
28.Qf5 {[%clk 0:06:51]} Qc6+ {[%clk 0:07:01]} 29.Kg1 {[%clk 0:06:52]}
Qg6 {[%clk 0:06:04]} 30.Qxg6 {[%clk 0:06:33]} hxg6 {[%clk 0:06:03]}
31.Nf4 {[%clk 0:06:25]} Rd2 {[%clk 0:05:45]} 32.Bd4 {[%clk 0:06:26]}
Nc6 {[%clk 0:05:46]} 33.h4 {[%clk 0:06:02]} Ne6 {[%clk 0:05:48]}
34.Bb2 {[%clk 0:05:40]} Red8 {[%clk 0:05:42]} 35.h5 {[%clk 0:05:34]}
gxh5 {[%clk 0:05:36]} 36.Nxh5 {[%clk 0:05:35]} Rc2 {[%clk 0:05:33]}
37.Bc1 {[%clk 0:05:09]} Nxe5 {[%clk 0:05:30]} 38.Rb3 {[%clk 0:04:35]}
Nd3 {[%clk 0:05:19]} 39.Ba3 {[%clk 0:04:15]} Ndc5 {[%clk 0:05:03]}
40.Rb2 {[%clk 0:04:11]} Rxb2 {[%clk 0:04:57]} 41.Bxb2 {[%clk 0:04:13]}
a4 {[%clk 0:04:45]} 42.Be5 {[%clk 0:04:06]} a3 {[%clk 0:04:38]}
43.Kg2 {[%clk 0:04:05]} Rd2+ {[%clk 0:04:37]} 44.Kf3 {[%clk 0:04:07]}
a2 {[%clk 0:04:29]} 45.g4 {[%clk 0:04:01]} Nd3 {[%clk 0:04:29]}
46.Ba1 {[%clk 0:03:22]} Ba3 {[%clk 0:04:27]} 47.Ke4 {[%clk 0:03:08]}
Bb2 {[%clk 0:04:26]} 48.Bxb2 {[%clk 0:03:07]} Rxb2 {[%clk 0:04:17]}
49.Ra1 {[%clk 0:02:58]} Nec5+ {[%clk 0:04:16]} 50.Kd4 {[%clk 0:02:59]}
Nb3+ {[%clk 0:04:17]} 0-1